000 01175cab a2200193 4500
001 ##L134318
008 060726n2006 000 0 eng u
035 _a(Sirsi) u134318
041 0 _aeng
110 2 _aEstates Gazette Interactive
_94921
245 0 0 _aMarket analysis
_bLondon office database
_bissue 2 April-June 2006
260 _c2006
490 0 _aEstates Gazette
_v(0629) 22 July 2006, (17)
520 _aA quiet start to the quarter was livened up with some late deals; in the West End, record rents were achieved. As before, financial services companies dominate. The market shows sustained confidence with a positive outlook for the remainder of 2006. This report analyses data derived from EGI's London Office Database (LOD), the online independent research service for those active in the Central London office market. Provides a wide range of statistics, league tables and commentary on agents' market share, market parameters and area activity. Explains what LOD monitors and lists definitions of terms used. Tables and graphs.
590 _aIKA010806
651 4 _aLONDON
690 _aPROPERTY-COMMERCIAL PROPERTY-OFFICE PROPERTY-OFFICES
942 _n0
999 _c77453
_d77453